[Event "27th Open"]
[Site "Bratto ITA"]
[Date "2007.08.28"]
[Round "6"]
[White "Hunt,A"]
[Black "Burmakin,V"]
[Result "1/2-1/2"]
[WhiteElo "2461"]
[BlackElo "2581"]

1.e4 d6 2.d4 g6 3.Nc3 Bg7 4.Be3 c6 5.Qd2 b5 6.f3 Qc7 7.O-O-O Nd7 8.g4 Nb6
9.h4 h5 10.g5 b4 11.Nb1 a5 12.Qf2 d5 13.Bd3 e6 14.Ne2 Ne7 15.Bf4 Qa7 16.Bd6 Nd7
17.f4 dxe4 18.Bxe4 Bb7 19.Bxe7 Kxe7 20.Ng3 Kd8 21.Rhe1 Re8 22.Bg2 Kc7 23.Ne4 Re7
24.Qg3 Kd8 25.Nd6 Qb8 26.Nc4 Ke8 27.Ne5 c5 28.Nc6 Bxc6 29.Bxc6 Ra7 30.d5 exd5
31.Rxd5 Rxe1+ 32.Qxe1+ Kd8 33.Qd2 Qc8 34.Rxc5 Qc7 35.Rc4 Qb6 36.c3 Bf8 37.Ba4 Bc5
38.Qd5 Be3+ 39.Kc2 Qe6 40.Qd3 Bf2 41.Nd2 bxc3 42.Qxc3 Nc5 43.Qh8+ Kc7 44.Qe5+ Qxe5
45.fxe5 Kd8 46.Bb5 Rc7 47.Nf3 Ne6 48.Rxc7 Nxc7 49.Bc4 Ke7 50.Kb3 Na8  1/2-1/2

[Event "ch-ISL"]
[Site "Reykjavik ISL"]
[Date "2007.08.28"]
[Round "1"]
[White "Stefansson,H"]
[Black "Johannesson,I"]
[Result "1-0"]
[WhiteElo "2568"]
[BlackElo "2344"]

1.e4 g6 2.d4 Bg7 3.Nc3 d6 4.Be3 a6 5.Qd2 Nd7 6.h4 h6 7.f4 Ndf6 8.e5 Ng4 9.h5 g5
10.O-O-O dxe5 11.fxe5 Bf5 12.Nge2 Qd7 13.Ng3 Bh7 14.Be2 Nxe3 15.Qxe3 f5 16.exf6 Nxf6
17.Bc4 Bg8 18.Bxg8 Rxg8 19.Rhe1 Bf8 20.Nce4 Nd5 21.Qb3 O-O-O 22.Nc5 Qb5 23.Ne6 Qxb3
24.axb3 Rd7 25.Nf5 Nf4 26.g4 Nd5 27.Re2 Nf6 28.Rg1 Rd5 29.Nxf8 Rxf5 30.Ng6 Rf4
31.Nxf4 gxf4 32.Rxe7 Nxh5 33.Rf7 Ng3 34.Re1 Rxg4 35.Re8+  1-0

[Event "1st Serbian League Women"]
[Site "Zlatibor SRB"]
[Date "2007.08.28"]
[Round "8"]
[White "Chelushkina,I"]
[Black "Voiska,M"]
[Result "1-0"]
[WhiteElo "2340"]
[BlackElo "2314"]

1.e4 d6 2.d4 g6 3.Nc3 Bg7 4.f4 e6 5.Nf3 Ne7 6.g3 b6 7.Bg2 Ba6 8.Kf2 O-O 9.Re1 c5
10.Be3 Nbc6 11.Kg1 cxd4 12.Nxd4 Nxd4 13.Bxd4 e5 14.Bf2 Rc8 15.a4 Qc7 16.f5 gxf5
17.exf5 Nxf5 18.Nd5 Qd8 19.a5 bxa5 20.Qh5 Ne7 21.Rxa5 Nxd5 22.Rxa6 Nf6 23.Qf5 Rb8
24.b3 d5 25.Rxe5 d4 26.Bf1 Rb6 27.Rxb6 Qxb6 28.Bd3 Rd8 29.Be1 Qd6 30.Bd2 h6
31.Ra5 Rd7 32.Ra6 Qe7 33.Rxf6 Bxf6 34.Qh7+ Kf8 35.Bxh6+  1-0

[Event "1st Serbian League Men"]
[Site "Zlatibor SRB"]
[Date "2007.08.31"]
[Round "10"]
[White "Benkovic,P"]
[Black "Nevednichy,V"]
[Result "0-1"]
[WhiteElo "2465"]
[BlackElo "2523"]

1.d4 g6 2.e4 Bg7 3.Nc3 d6 4.Be3 a6 5.Qd2 b5 6.a4 b4 7.Nd1 a5 8.c3 bxc3 9.bxc3 Nf6
10.f3 O-O 11.Bd3 Ba6 12.Ne2 Nbd7 13.O-O Bxd3 14.Qxd3 c6 15.Ng3 e5 16.Nf2 d5
17.Qd2 Re8 18.Bh6 Bxh6 19.Qxh6 Kh8 20.Rad1 Qe7 21.Qc1 Rab8 22.Rfe1 Qf8 23.exd5 cxd5
24.dxe5 Rxe5 25.Rxe5 Nxe5 26.Qf4 Ned7 27.h4 Qc5 28.Qd2 Rc8 29.Ne2 Qc4 30.h5 Qxa4
31.hxg6 hxg6 32.Qh6+ Kg8 33.Nf4 Qb3 34.Re1 Qxc3 35.Re7 Qc5 36.Rxf7 Kxf7 37.Qxg6+ Ke7
38.Qg7+ Kd6 39.Nd3 Qe3 40.Qg6 Rg8 41.Qf5 a4  0-1

[Event "LNA Copa Puma"]
[Site "Argentina ARG"]
[Date "2007.09.01"]
[Round "4"]
[White "Tempone,M"]
[Black "Blit,J"]
[Result "1/2-1/2"]
[WhiteElo "2416"]
[BlackElo "2298"]

1.d4 g6 2.e4 Bg7 3.Nc3 d6 4.g3 Nf6 5.Bg2 O-O 6.Nge2 e5 7.h3 c6 8.a4 a5 9.O-O Na6
10.Be3 exd4 11.Bxd4 Qe7 12.g4 Ne8 13.f4 f5 14.exf5 gxf5 15.g5 Nc5 16.Ng3 d5
17.Nh5 Ne4 18.Nxe4 fxe4 19.c3 Bxd4+ 20.Qxd4 Qf7 21.Ng3 Nd6 22.Rad1 Nf5 23.Nxf5 Bxf5
24.b3  1/2-1/2

[Event "26th OCF NAO Fide Open"]
[Site "Stillwater USA"]
[Date "2007.09.01"]
[Round "4"]
[White "Langer,M USA"]
[Black "Schoonmaker,N"]
[Result "1-0"]
[WhiteElo "2331"]
[BlackElo "2202"]

1.e4 g6 2.d4 Bg7 3.Nc3 d6 4.Be3 a6 5.Qd2 b5 6.Nf3 Bb7 7.Bd3 Nd7 8.O-O c5
9.a4 b4 10.Ne2 a5 11.Rad1 cxd4 12.Nfxd4 Ngf6 13.f3 O-O 14.Ng3 d5 15.Kh1 dxe4
16.Nxe4 Nxe4 17.Bxe4 Bxe4 18.fxe4 Ne5 19.Bh6 Nc4 20.Qc1 Qc7 21.Bxg7 Kxg7
22.b3 Nb6 23.Qg5 Kh8 24.Rd3 f6 25.Qb5 Rfc8 26.e5 f5 27.Rfd1 Qc5 28.Qxc5 Rxc5
29.Ne6 Rcc8 30.Rd8+ Rxd8 31.Rxd8+ Rxd8 32.Nxd8 Nd7 33.Nc6 Kg7 34.e6 Nc5 35.Nxe7 Nxe6
36.Nc6 Kf6 37.Kg1 f4 38.Kf2 Kf5 39.Nxa5 Nd4  1-0

[Event "29th Southern CA Open"]
[Site "Los Angeles USA"]
[Date "2007.09.03"]
[Round "5"]
[White "Tanaka,C"]
[Black "Ganbold,O"]
[Result "0-1"]
[WhiteElo "2114"]
[BlackElo "2396"]

1.d4 d6 2.e4 g6 3.Nc3 Bg7 4.Be3 c6 5.a4 Nf6 6.f3 O-O 7.Qd2 e5 8.dxe5 dxe5
9.Qxd8 Rxd8 10.Bc4 Nbd7 11.Rd1 Re8 12.Nge2 Bf8 13.Kf2 Nb6 14.Bb3 Be6 15.Bxe6 Rxe6
16.b3 Nbd7 17.Rd2 Rd6 18.Rxd6 Bxd6 19.Rd1 Be7 20.Nc1 Kf8 21.Nd3 Ke8 22.g4 Bd6
23.Nb2 Ke7 24.Nc4 Bc7 25.b4 h5 26.g5 Ne8 27.b5 Nd6 28.bxc6 bxc6 29.Nxd6 Bxd6
30.Rb1 Kd8 31.Na2 Kc8 32.Nc1 Rb8 33.Rxb8+ Kxb8 34.Nb3 Nb6 35.a5 Nc4 36.Ke2 Kb7
37.Bg1 Bb4 38.Kd3 Nxa5 39.Nc5+ Kc8 40.Na6 Be7 41.h4 f6 42.gxf6 Bxf6 43.Bf2 Nb7
44.Ke2 Nd8 45.Nc5 a5 46.Kf1 Be7 47.Nd3 Bd6 48.Be1 a4 49.Bc3 Nf7 50.f4 exf4
51.e5 Bc7 52.e6 Nd6 53.Nc5 a3 54.Ke2 Nf5 55.Kd3 f3  0-1

[Event "Masters"]
[Site "Trieste ITA"]
[Date "2007.09.03"]
[Round "4"]
[White "Marzano,C"]
[Black "Jeran,B"]
[Result "1-0"]
[WhiteElo "2230"]
[BlackElo "2153"]

1.Nc3 d6 2.d4 g6 3.e4 Bg7 4.Be3 Nf6 5.Qd2 c6 6.Bh6 Bxh6 7.Qxh6 Qa5 8.O-O-O b5
9.a3 Nbd7 10.f3 Rb8 11.Qd2 a6 12.g4 Qc7 13.g5 Nh5 14.Nge2 Nb6 15.Ng3 Nc4
16.Bxc4 bxc4 17.d5 c5 18.Nb1 a5 19.Qc3 Rg8 20.Nxh5 gxh5 21.h4 Ba6 22.Nd2 Qb6
23.f4 Kd7 24.Kb1 Rb7 25.Ka1 Kc8 26.Rb1 Qb5 27.Rh3 Qa4 28.Re3 Rb6 29.Nf1 Kb7
30.Ng3 Qd7 31.f5 a4 32.Nxh5 Bb5 33.Nf4 Ka6 34.Rg3 Qd8 35.Rbg1 Qf8 36.h5 Rb7
37.Ng2 Bd7 38.Ne3 e6 39.Nxc4 Ka7 40.Qa5+ Kb8 41.Qa6 exd5 42.Nxd6 Ra7 43.Qb6+ Ka8
44.exd5 c4 45.f6 Qd8 46.Qxd8+ Rxd8 47.Nxf7  1-0

[Event "FSIM September"]
[Site "Budapest HUN"]
[Date "2007.09.04"]
[Round "4"]
[White "Bednay,B"]
[Black "Brustkern,J"]
[Result "0-1"]
[WhiteElo "2277"]
[BlackElo "2296"]

1.e4 g6 2.d4 Bg7 3.Nc3 d6 4.f4 c6 5.Be3 d5 6.e5 Nh6 7.Bd3 Qb6 8.Nge2 Qxb2
9.O-O Qb6 10.Kh1 Bf5 11.Rb1 Qc7 12.h3 Bxd3 13.Qxd3 f5 14.exf6 exf6 15.f5 Nxf5
16.Bf4 Qd7 17.g4 Ne7 18.Rbe1 Na6 19.Bh2 O-O 20.Nf4 Nc7 21.Qg3 Rfe8 22.Nxg6 hxg6
23.Qxc7 Qxc7 24.Bxc7 Kf7 25.Be5 Ng8 26.a4 Bh6 27.Rb1 b6 28.Rf3 Kg7 29.Bg3 Re3
30.Rbf1 Rae8 31.Kg2 Rxf3 32.Rxf3 Be3 33.Bf2 Bxf2 34.Kxf2 Nh6 35.Ne2 Re4 36.Rd3 f5
37.Nc3 Rf4+ 38.Ke3 g5 39.Ne2 Re4+ 40.Kf3 fxg4+ 41.hxg4 Nxg4 42.Ng3 Nf6  0-1

[Event "2nd Women's"]
[Site "Baku AZE"]
[Date "2007.09.05"]
[Round "2"]
[White "Milliet,S"]
[Black "Stefanova,A"]
[Result "0-1"]
[WhiteElo "2414"]
[BlackElo "2481"]

1.e4 d6 2.d4 g6 3.Nc3 Bg7 4.Be3 a6 5.Qd2 Nd7 6.O-O-O b5 7.h4 Bb7 8.f3 h5
9.Nh3 Rc8 10.Kb1 c5 11.dxc5 Nxc5 12.Bd4 Bxd4 13.Qxd4 Nf6 14.Ng5 Ncd7 15.Be2 Qb6
16.f4 O-O 17.Qd2 b4 18.Nd5 Nxd5 19.exd5 Rc5 20.Bf3 Nf6 21.Ne4 Nxe4 22.Bxe4 e6
23.Qe3 exd5 24.Bd3 d4 25.Qxd4 Bd5 26.b3 f5 27.Rhe1 Qb7 28.Rd2 a5 29.Rde2 Qg7
30.Re5 Qf7 31.Re7 Qf6 32.Qe3 a4 33.bxa4 Rc3 34.Qa7 Bxa2+ 35.Kc1 Rxd3 36.cxd3 Qc3+
37.Kd1 Qxd3+ 38.Kc1 Qc3+ 39.Kd1 Bc4 40.R1e5 Bf7 41.Re3 Qb2 42.Ke1 b3 43.Qb7 Qc1+
44.Kf2 b2 45.Re1 Qxf4+ 46.Kg1 Qd4+ 47.Kh2 Qxh4+ 48.Kg1 Qd4+ 49.Kh1 Ba2 50.Re8 b1=Q
51.Rxb1 Rxe8  0-1

[Event "60th ch-RUS Higher League"]
[Site "Krasnoyarsk RUS"]
[Date "2007.09.05"]
[Round "3"]
[White "Bareev,E"]
[Black "Novikov,St"]
[Result "1/2-1/2"]
[WhiteElo "2653"]
[BlackElo "2562"]

1.d4 d6 2.e4 g6 3.Nc3 Bg7 4.f4 a6 5.Nf3 b5 6.Bd3 Bb7 7.O-O Nd7 8.e5 c5 9.Be4 Bxe4
10.Nxe4 cxd4 11.exd6 Qb6 12.Re1 e6 13.c3 Ngf6 14.Qxd4 Nxe4 15.Qxb6 Nxb6 16.Rxe4 Rd8
17.Be3 Rxd6 18.Bxb6 Rxb6 19.Rd1 Ke7 20.Ne5 Bxe5 21.Rxe5 Rc8 22.Rd2 b4 23.cxb4 Rxb4
24.g3 h5 25.h4  1/2-1/2

[Event "2nd Women's"]
[Site "Baku AZE"]
[Date "2007.09.07"]
[Round "4"]
[White "Milliet,S"]
[Black "Socko,M"]
[Result "0-1"]
[WhiteElo "2414"]
[BlackElo "2479"]

1.e4 d6 2.d4 g6 3.Nc3 Bg7 4.Be3 c6 5.Qd2 b5 6.Bd3 Nd7 7.Nf3 Qc7 8.O-O Ngf6
9.Bh6 O-O 10.h3 e5 11.Bxg7 Kxg7 12.dxe5 dxe5 13.a4 b4 14.Ne2 c5 15.b3 Nb8
16.Qe3 Qe7 17.Bc4 Nc6 18.Bd5 Bd7 19.Rad1 Rac8 20.Bxc6 Rxc6 21.Ng3 Re8 22.Rd2 Bc8
23.Nh4 Ng4 24.hxg4 Qxh4 25.g5 Qf4 26.Re1 Qxe3 27.Rxe3 Be6 28.c4 bxc3 29.Rxc3 Rb8
30.Rdc2 c4 31.bxc4 Rb4 32.c5 Rxa4 33.f3 a5 34.Nf1 Rd4 35.Ne3 h6 36.gxh6+ Kxh6
37.Rb2 Rb4 38.Rd2 a4 39.Nd5 Rb3 40.Rc1 a3 41.Ra2 Rd3 42.Raa1 Bxd5 43.exd5 Rxd5
44.Rxa3 Rdxc5 45.Rxc5 Rxc5 46.Kf2 Kg5 47.Ra4 f5 48.Kg3 Rc8 49.Ra6 e4 50.fxe4 Rc3+
51.Kf2 fxe4 52.Re6 Kf5 53.Re8 Rc2+ 54.Kg3 Rc6 55.Kf2 Re6 56.Rf8+ Kg4 57.Ke3 Kg3
58.Rf2 g5 59.Rf5 g4 60.Rg5 Ra6 61.Kxe4 Ra2 62.Ke3 Rxg2 63.Rg8 Ra2 64.Rg7 Ra4
65.Ke2 Kg2 66.Rg8 g3 67.Re8 Rf4 68.Re7 Rf6 69.Re8 Kg1 70.Re7 g2 71.Rh7 Re6+
72.Kd2 Re5 73.Rf7 Rh5  0-1

[Event "Open"]
[Site "Liverpool ENG"]
[Date "2007.09.07"]
[Round "7"]
[White "Meijers,V"]
[Black "McNab,C"]
[Result "1-0"]
[WhiteElo "2483"]
[BlackElo "2416"]

1.e4 g6 2.d4 d6 3.Nc3 Bg7 4.Be3 Nf6 5.Be2 c6 6.Qd2 Qa5 7.a3 Nbd7 8.h4 h5
9.f3 b5 10.Nh3 a6 11.Ng5 Qc7 12.a4 Bb7 13.axb5 axb5 14.Rxa8+ Bxa8 15.f4 e5
16.fxe5 dxe5 17.d5 b4 18.dxc6 Qxc6 19.Nb5 O-O 20.Nd6 Ne8 21.Nxe8 Rxe8 22.Qxb4 Bf6
23.O-O Bxg5 24.hxg5 Qxe4 25.Qxe4 Bxe4 26.Bb5 Re7 27.Rd1 Bf5 28.c4 e4 29.c5 Ne5
30.c6 Nd3 31.Ra1 Re8 32.c7 Rc8 33.Ra7 Nb4 34.Bc5 Nd5 35.Bd6 e3 36.Rb7 Kg7
37.Bc4 Re8 38.Rb8 Re4 39.Be2 f6 40.gxf6+ Kxf6 41.Rf8+  1-0

[Event "4th LGA Premium Cup"]
[Site "Nuernberg GER"]
[Date "2007.09.07"]
[Round "3"]
[White "Steinmueller,A"]
[Black "Hillarp Persson,T"]
[Result "0-1"]
[WhiteElo "2053"]
[BlackElo "2567"]

1.e4 g6 2.d4 Bg7 3.Nc3 d6 4.f4 a6 5.Nf3 b5 6.Be2 Bb7 7.O-O Nd7 8.e5 b4 9.Nb1 c5
10.c3 cxd4 11.cxd4 Nh6 12.Qb3 O-O 13.Qxb4 Rb8 14.Qe1 Qb6 15.Nbd2 dxe5 16.Nc4 Qa7
17.fxe5 Bxf3 18.Rxf3 Nxe5 19.Nxe5 Qxd4+ 20.Rf2 Qxe5 21.Bf4 Qxb2 22.Kh1 Qxa1  0-1

[Event "4th LGA Premium Cup"]
[Site "Nuernberg GER"]
[Date "2007.09.08"]
[Round "4"]
[White "Renner,G"]
[Black "Levushkina,E"]
[Result "0-1"]
[WhiteElo "2064"]
[BlackElo "2318"]

1.e4 g6 2.d4 Bg7 3.Nc3 d6 4.Be3 a6 5.Qd2 Nd7 6.Nf3 b5 7.Bd3 Bb7 8.O-O Ngf6
9.Bh6 O-O 10.Bxg7 Kxg7 11.Rfe1 e5 12.dxe5 dxe5 13.Nd5 Re8 14.Nxf6 Nxf6 15.Qc3 Qe7
16.b4 Rac8 17.a4 c6 18.Qb3 Rb8 19.c4 bxc4 20.Qxc4 Red8 21.Qc3 Nd7 22.Rac1 f6
23.h4 Nf8 24.Bc4 Bc8 25.Ba2 Rxb4 26.Qxc6 Bb7 27.Qc3 Rxe4 28.Rf1 Rf4 29.Nh2 Rxh4
30.Qa5 Rhd4 31.Rb1 Be4 32.Rbc1 Ne6 33.Rfe1 Nf4 34.Rxe4 Rxe4 35.Rc7 Rd1+ 36.Nf1 Ne2+  0-1

[Event "4th LGA Premium Cup"]
[Site "Nuernberg GER"]
[Date "2007.09.08"]
[Round "5"]
[White "Eichler,C"]
[Black "Hillarp Persson,T"]
[Result "0-1"]
[WhiteElo "2323"]
[BlackElo "2567"]

1.e4 g6 2.d4 Bg7 3.Nc3 d6 4.Be3 a6 5.Qd2 Nd7 6.f3 b5 7.a4 b4 8.Nd1 c5 9.c3 bxc3
10.bxc3 Ngf6 11.Bd3 O-O 12.Ne2 cxd4 13.cxd4 e5 14.d5 Nxd5 15.exd5 e4 16.Rc1 exd3
17.Nf4 Nc5 18.Bxc5 dxc5 19.O-O Bh6 20.Nf2 Qd6 21.Rc4 a5 22.g3 Ba6 23.Ne4 Qb6
24.Rcc1 c4+ 25.Kg2 Bg7 26.Rb1 Qd8 27.Rfc1 Rb8 28.d6 Rxb1 29.Rxb1 Re8 30.Nd5 c3
31.Nexc3 Qxd6 32.Rb6 Bxc3 33.Rxd6 Re2+ 34.Kh3 Bc8+ 35.g4 Bxd2 36.Rd8+ Kg7
37.Rxc8 Re5 38.Nb6 Bf4 39.Kg2 d2  0-1

[Event "4th LGA Premium Cup"]
[Site "Nuernberg GER"]
[Date "2007.09.08"]
[Round "5"]
[White "Meinhardt,Ma"]
[Black "Redzepovic,I"]
[Result "1/2-1/2"]
[WhiteElo "2378"]
[BlackElo "2070"]

1.e4 d6 2.d4 g6 3.Nc3 Bg7 4.Be3 c6 5.g3 b5 6.Bg2 Bb7 7.h3 Nd7 8.Qd2 Nb6 9.b3 b4
10.Nce2 a5 11.Rd1 Qc7 12.g4 h5 13.gxh5 Rxh5 14.Nf4 Rh8 15.Nge2 c5 16.O-O c4
17.Ng3 e6 18.d5 e5 19.Nfe2 c3 20.Qe1 Bc8 21.Kh2 Nf6 22.f3 Bh6 23.Bxh6 Rxh6
24.Rh1 Bd7 25.Nc1 Ke7 26.Nd3 Kf8 27.Qe3 Kg7 28.Kg1 Rah8 29.f4 Nc8 30.Rf1 Bb5
31.fxe5 dxe5 32.Qg5 Qb6+ 33.Rf2 Rh5 34.Nxh5+ Rxh5 35.Qc1 Nd6 36.Qe1 Qd4 37.Bf3 Rg5+
38.Kh2 Ndxe4 39.h4 Ng4+ 40.Bxg4 Rxg4 41.Rf3 Nf6 42.Qxe5 Qxe5+ 43.Nxe5 Re4
44.Nc4 Re2+ 45.Kg1 Rxc2 46.Rf2 Rc1+ 47.Kg2 Rxh1 48.Kxh1 Nxd5 49.Rc2 a4 50.Na5 Bd3
51.Rc1 Nf4 52.bxa4 Be4+ 53.Kh2 Nd3 54.Ra1 Nb2 55.a3 Nxa4 56.Nb3 f5 57.Kg3 Kh6
58.Rg1 c2  1/2-1/2

[Event "17th ch-EU U16 Boys"]
[Site "Sibenik CRO"]
[Date "2007.09.16"]
[Round "3"]
[White "Ketzetzis,G"]
[Black "Tofil,B"]
[Result "1-0"]
[WhiteElo "2045"]
[BlackElo "2148"]

1.e4 g6 2.d4 Bg7 3.Nc3 d6 4.f4 a6 5.Nf3 b5 6.Bd3 Nd7 7.e5 Bb7 8.Ng5 e6 9.O-O Ne7
10.f5 Nxf5 11.Bxf5 gxf5 12.d5 Nxe5 13.dxe6 f6 14.Qh5+ Ke7 15.Nf7 Qe8 16.Qxf5 Nxf7
17.exf7 Kxf7 18.Bh6 Rg8 19.Rae1 Qc8 20.Qh5+ Kf8 21.Rxf6+  1-0

[Event "17th ch-EU U18 Girls"]
[Site "Sibenik CRO"]
[Date "2007.09.19"]
[Round "6"]
[White "Robles Garcia,C"]
[Black "Tarasova,V"]
[Result "1/2-1/2"]
[WhiteElo "2167"]
[BlackElo "2249"]

1.e4 d6 2.d4 g6 3.Nc3 Bg7 4.f4 Nf6 5.Nf3 c5 6.Bb5+ Bd7 7.e5 Ng4 8.e6 Bxb5
9.exf7+ Kd7 10.Nxb5 Qa5+ 11.Nc3 cxd4 12.Nxd4 h5 13.h3 Nc6 14.Ne2 Nh6 15.Be3 Nf5
16.Bf2 Raf8 17.Qd2 Rxf7 18.O-O-O h4 19.Kb1 Rc8 20.Qd5 Qxd5 21.Rxd5 b6 22.Ne4 Bh6
23.Rhd1 Nd8 24.Nd2 Ne6 25.Nf3 Ke8 26.Nxh4 Nxh4 27.Bxh4 Nxf4 28.Nxf4 Rxf4
29.Bg3 Re4 30.Re1 Rcc4 31.b3 Rxe1+ 32.Bxe1 Re4 33.Bd2 Bg7 34.Rd3 Re2 35.g4 Rh2
36.Bc3 Bxc3 37.Rxc3 Kd7 38.Kb2 d5 39.Rf3 d4 40.b4 Kd6 41.Kb3 Kd5 42.c3 e5
43.cxd4 Kxd4 44.Rf6 e4 45.Rxg6 e3 46.Rd6+ Ke5 47.Rd8 Rxh3 48.Kc3 Ke4 49.Re8+ Kf3
50.Kd3 Kf2 51.g5 Rg3 52.Re7 Rxg5 53.Ke4  1/2-1/2

[Event "17th ch-EU U16 Girls"]
[Site "Sibenik CRO"]
[Date "2007.09.19"]
[Round "6"]
[White "Vetrila,S"]
[Black "Mammadova,G"]
[Result "0-1"]
[WhiteElo "1999"]
[BlackElo "2217"]

1.e4 g6 2.d4 Bg7 3.Nc3 d6 4.Nge2 Nf6 5.g3 O-O 6.Bg2 e5 7.h3 Nc6 8.Be3 exd4
9.Nxd4 Ne5 10.b3 Re8 11.O-O Ned7 12.Qd2 Nc5 13.Bg5 h6 14.Bxh6 Nfxe4 15.Nxe4 Nxe4
16.Bxe4 Rxe4 17.Bxg7 Kxg7 18.Qd3 Qe7 19.Kg2 Bd7 20.c4 Rh8 21.Rh1 c5 22.Nf3 Bc6
23.Qc3+ f6 24.Rae1 Re8 25.Kh2 Re2 26.Ref1 Qe4 27.Kg2 Rc2  0-1

[Event "Reykjavik CC Inv"]
[Site "Reykjavik ISL"]
[Date "2007.09.20"]
[Round "4"]
[White "Petursson,Mat"]
[Black "Johannesson,I"]
[Result "0-1"]
[WhiteElo "1919"]
[BlackElo "2344"]

1.e4 g6 2.d4 Bg7 3.Nc3 d6 4.Be3 a6 5.Nf3 Nd7 6.Qd2 b5 7.Bd3 Bb7 8.Ne2 Ngf6
9.Ng3 Ng4 10.h3 Nxe3 11.Qxe3 Nf6 12.O-O O-O 13.c3 Nd7 14.Nd2 c6 15.f4 Bh6
16.Qf2 e5 17.Ne2 exd4 18.Nxd4 c5 19.Ne2 Qe7 20.Ng3 Rae8 21.Rae1 Qh4 22.Kh1 Kh8
23.Ne2 Qd8 24.Ng3 Qh4 25.Ne2 Qd8 26.Ng3 Qc7 27.Bb1 Rg8 28.Nb3 Bg7 29.Qd2 Nb6
30.Na5 Ba8 31.Qf2 c4 32.Re3 Na4 33.b4 Nxc3 34.f5 Nxb1 35.Rxb1 Bd4 36.fxg6 Rxg6
37.Qf3 Bxe3 38.Qxe3 d5 39.Nh5 Rxe4 40.Qf3 Qe7 41.Rb2 d4 42.Qf5 Re1+ 43.Kh2 Re5  0-1

[Event "Vados IM"]
[Site "Arad ROM"]
[Date "2007.09.21"]
[Round "2"]
[White "Panush,V"]
[Black "Manea,Al"]
[Result "1/2-1/2"]
[WhiteElo "2257"]
[BlackElo "2398"]

1.e4 g6 2.d4 Bg7 3.Nc3 d6 4.g3 Nc6 5.Be3 e5 6.Nge2 Nf6 7.h3 Bd7 8.Bg2 Qc8
9.Qd2 a6 10.d5 Na5 11.b3 O-O 12.g4 b5 13.Ng3 Nb7 14.O-O c6 15.Rac1 cxd5 16.exd5 Qc7
17.Nce2 Rac8 18.Bh6 Qa5 19.c3 Bxh6 20.Qxh6 Qxa2 21.g5 Ne8 22.f4 Qd2 23.Kh1 f5
24.gxf6 Nxf6 25.Rcd1 Qc2  1/2-1/2

[Event "17th Senior WCh"]
[Site "Gmunden AUT"]
[Date "2007.09.21"]
[Round "5"]
[White "Karl,H"]
[Black "Jakobsen,O"]
[Result "1/2-1/2"]
[WhiteElo "2243"]
[BlackElo "2383"]

1.d4 d6 2.e4 g6 3.Nc3 Bg7 4.Nf3 Nf6 5.Be2 O-O 6.O-O e6 7.Bg5 h6 8.Be3 Nc6
9.h3 Ne7 10.Qd2 Kh7 11.Nh2 b6 12.Ng4 Nfg8 13.Nh2 Bb7 14.f4 Nf6 15.Bf3 d5
16.e5 Ne4 17.Qd3 Nxc3 18.Qxc3 Qd7 19.Rad1 a5 20.a3 Rfc8 21.Bf2 Ba6 22.Rfe1 a4
23.Ng4 c5 24.dxc5 bxc5 25.Nf6+ Bxf6 26.exf6 Ng8 27.Qe5 Qc7 28.b3 Bb7 29.Rb1 Qd8
30.Bh4 Qc7 31.Bf2 Qd8 32.Bh4 Qc7  1/2-1/2

[Event "17th Senior WCh"]
[Site "Gmunden AUT"]
[Date "2007.09.21"]
[Round "5"]
[White "Seuss,O"]
[Black "Malmdin,N"]
[Result "0-1"]
[WhiteElo "2187"]
[BlackElo "2259"]

1.e4 g6 2.d4 Bg7 3.Nc3 d6 4.Nf3 a6 5.Be2 b5 6.a3 Bb7 7.O-O Nd7 8.Re1 c5 9.Bf1 cxd4
10.Nxd4 Ngf6 11.f3 O-O 12.Be3 Rc8 13.Qd2 Ne5 14.Rad1 Nc4 15.Bxc4 Rxc4 16.Qf2 Nd7
17.Nde2 a5 18.Rd2 b4 19.axb4 axb4 20.Na4 Qc8 21.Nc1 b3 22.Nc3 bxc2 23.N1e2 f5
24.exf5 Rxf5 25.Nd4 Rf7 26.Rxc2 e5 27.Ndb5 Bf8 28.Rd2 Rg4 29.fxg4 Rxf2 30.Bxf2 Qc6
31.Bg3 Bh6 32.Rde2 Be3+ 33.Kh1 Bc5 34.Rc2 Nf6 35.h3 g5 36.Bh2 h5 37.Bg1 hxg4
38.hxg4 Nxg4 39.Bxc5 Qxc5 40.Rd2 d5 41.Na3 Qb6 42.g3 d4+ 43.Ne4 Ne3  0-1

[Event "17th ch-EU U16 Girls"]
[Site "Sibenik CRO"]
[Date "2007.09.21"]
[Round "8"]
[White "Clopes Llahi,J"]
[Black "Mammadova,G"]
[Result "0-1"]
[WhiteElo "2020"]
[BlackElo "2217"]

1.e4 g6 2.d4 Bg7 3.Nc3 d6 4.Be3 Nf6 5.f3 c6 6.Qd2 Nbd7 7.Bd3 O-O 8.Nge2 e5
9.O-O b5 10.a4 bxa4 11.Nxa4 d5 12.exd5 Nxd5 13.Bf2 f5 14.c4 N5f6 15.Nec3 exd4
16.Bxd4 Qc7 17.Bf2 Ne5 18.Be2 Be6 19.b3 Rad8 20.Qc2 f4 21.Nc5 Bf5 22.N5e4 a5
23.Rad1 Nxe4 24.Nxe4 Rde8 25.Bc5 Rf7 26.Rde1 g5 27.Bd3 Nxd3 28.Qxd3 Rd8 29.Qe2 Qe5
30.Qf2 Bxe4 31.Rxe4 Qc3 32.Rfe1 Rfd7 33.Qe2 Qxe1+ 34.Qxe1 Rd1 35.Bb6 Bc3
36.Qxd1 Rxd1+ 37.Kf2 Rb1 38.h4 Rxb3 39.c5 Rb2+ 40.Kf1 gxh4 41.Ra4 Rb4 42.Ra3 Rb1+
43.Ke2 Rb2+ 44.Kf1 Bd4 45.Bd8 Rf2+ 46.Ke1 Rxg2 47.Bxh4 Bxc5 48.Ra4 Bb4+ 49.Kf1 Rd2
50.Bg5 Rd4 51.Bf6 Rd3  0-1

[Event "16th Monarch Assurance"]
[Site "Port Erin IOM"]
[Date "2007.09.23"]
[Round "2"]
[White "Goodger,M"]
[Black "Nelson,Jo"]
[Result "1-0"]
[WhiteElo "2093"]
[BlackElo "2282"]

1.e4 g6 2.d4 Bg7 3.Nc3 d6 4.Be3 c6 5.Qd2 Nd7 6.f4 b5 7.Nf3 Ngf6 8.Bd3 O-O
9.h3 b4 10.Nd1 c5 11.e5 cxd4 12.Bxd4 dxe5 13.fxe5 Nd5 14.Be4 e6 15.O-O N7b6
16.Nf2 Ba6 17.Rfe1 Nc4 18.Qc1 Rc8 19.b3 Na3 20.c4 Nb5 21.Bb2 Ndc3 22.Qe3 Nc7
23.Qxa7 f6 24.a3 Nxe4 25.Nxe4 fxe5 26.axb4 Rxf3 27.gxf3 Qh4 28.Kg2 Bf8 29.Bxe5 Bxb4
30.Re2 Rf8 31.Qxc7  1-0

[Event "George Trundle NZ IM"]
[Site "Auckland NZL"]
[Date "2007.09.24"]
[Round "3"]
[White "Solomon,SJ"]
[Black "Reilly,T"]
[Result "0-1"]
[WhiteElo "2467"]
[BlackElo "2280"]

1.e4 d6 2.d4 g6 3.Nc3 Bg7 4.Be3 a6 5.a4 Nf6 6.Nf3 O-O 7.h3 b6 8.Bc4 e6 9.e5 dxe5
10.Nxe5 Bb7 11.O-O Nc6 12.f4 Nb4 13.Qe2 Nfd5 14.Nxd5 Nxd5 15.Rad1 Qe7 16.c3 Rfd8
17.Qf2 Rac8 18.Be2 c5 19.dxc5 bxc5 20.Nc4 Qc7 21.Bf3 Bc6 22.Ra1 Rb8 23.g3 Nxe3
24.Qxe3 Bd5 25.Be2 Bxc4 26.Bxc4 Rxb2 27.Rf2 Rxf2 28.Kxf2 Qa5 29.Ra3 h5 30.h4 Qb6
31.Ra2 Rd1 32.Rd2 Ra1 33.f5 Qb1 34.fxe6 Qg1+ 35.Kf3 Qh1+ 36.Rg2 Qd1+ 37.Qe2 fxe6
38.Bxe6+ Kf8 39.Qxd1 Rxd1 40.c4 Ra1 41.Kf4 Ke7 42.Bd5 Bh6+ 43.Ke5 Bg7+ 44.Ke4 Rxa4
45.g4 Bd4 46.gxh5 gxh5 47.Rg5 Ra1 48.Rxh5 a5 49.Rh7+ Kf6 50.Rh6+ Kg7 51.Ra6 a4
52.h5 a3 53.h6+ Kf8 54.Kd3 Re1 55.Kc2 Re3 56.Kb1 Rh3 57.Ka2 Bb2 58.Re6 Bc1
59.Rf6+ Ke8 60.Re6+ Kd7 61.Re1 Rh2+ 62.Kb3 Rb2+ 63.Kxa3 Rc2+ 64.Kb3  0-1

[Event "Highlands Open A"]
[Site "Zdar nad Sazavou CZE"]
[Date "2007.09.25"]
[Round "4"]
[White "Kulhanek,T"]
[Black "Tikovsky,A"]
[Result "1/2-1/2"]
[WhiteElo "2428"]
[BlackElo "2228"]

1.e4 g6 2.d4 Bg7 3.Nc3 d6 4.Be3 a6 5.Qd2 b5 6.Bd3 Nd7 7.Nf3 Bb7 8.O-O Ngf6
9.Bh6 O-O 10.Bxg7 Kxg7 11.e5 dxe5 12.Nxe5 c5 13.Nxd7 Qxd7 14.dxc5 Bxg2  1/2-1/2

[Event "George Trundle NZ IM"]
[Site "Auckland NZL"]
[Date "2007.09.26"]
[Round "5"]
[White "Steadman,M"]
[Black "Reilly,T"]
[Result "0-1"]
[WhiteElo "2250"]
[BlackElo "2280"]

1.e4 d6 2.d4 g6 3.Nc3 Bg7 4.Be3 a6 5.f4 Nf6 6.h3 O-O 7.Nf3 b5 8.Bd3 b4 9.Ne2 Bb7
10.e5 Nd5 11.Bd2 c5 12.c3 cxd4 13.Nexd4 bxc3 14.bxc3 Nd7 15.Qe2 dxe5 16.fxe5 Qc7
17.Rc1 Nxe5 18.Nxe5 Qxe5 19.Qxe5 Bxe5 20.O-O Rac8 21.Ne2 Rfd8 22.Rfd1 Nb6
23.Bh6 Na4 24.Rb1 Nc5 25.Bc4 Be4 26.Rxd8+ Rxd8 27.Rf1 e6 28.Bg5 Rc8 29.Rd1 Kg7
30.Rd2 Bb7 31.Rb2 Rc7 32.Rb4 Rd7 33.Be3 Rd1+  0-1

[Event "17th Senior WCh"]
[Site "Gmunden AUT"]
[Date "2007.09.26"]
[Round "9"]
[White "Klundt,K"]
[Black "Malmdin,N"]
[Result "1-0"]
[WhiteElo "2375"]
[BlackElo "2259"]

1.e4 g6 2.d4 Bg7 3.Nc3 d6 4.f4 a6 5.Nf3 b5 6.Be3 Bb7 7.Bd3 Nd7 8.e5 e6 9.O-O Ne7
10.Bf2 O-O 11.Bh4 Qe8 12.a4 bxa4 13.Rxa4 Nf5 14.Bf2 Nb6 15.Ra3 Qd7 16.Qe2 d5
17.Rfa1 Nc4 18.R3a2 Qc6 19.Na4 Rfb8 20.Nc5 Bf8 21.Nxb7 Qxb7 22.b3 Nb6 23.g4 Ng7
24.Bxa6 Qc6 25.Qb5 Qxb5 26.Bxb5 Rxa2 27.Rxa2 Ra8 28.Rxa8 Nxa8 29.Bc6 Nb6
30.Bh4 Nc8 31.Bd8 h5 32.h3 hxg4 33.hxg4 Na7 34.Bd7 c6 35.c4 dxc4 36.bxc4 Ba3
37.Bb6 Nb5 38.cxb5 cxb5 39.Kf2 b4 40.Ba4 Bc1 41.Kg3 Bb2 42.Bc5 Bc3 43.Ng5  1-0

[Event "George Trundle NZ IM"]
[Site "Auckland NZL"]
[Date "2007.09.28"]
[Round "7"]
[White "Croad,N"]
[Black "Reilly,T"]
[Result "0-1"]
[WhiteElo "2308"]
[BlackElo "2280"]

1.e4 d6 2.d4 g6 3.Nc3 Bg7 4.Bg5 a6 5.Nf3 b5 6.Bd3 Bb7 7.a4 b4 8.Ne2 Nf6 9.Ng3 Nbd7
10.Qe2 e5 11.dxe5 dxe5 12.O-O O-O 13.Rfd1 Qe7 14.a5 Nc5 15.Ne1 Ne6 16.Bd2 Nd4
17.Qf1 Nd7 18.Bc4 Kh8 19.c3 bxc3 20.bxc3 Ne6 21.Rab1 Nec5 22.f3 Bc6 23.Nd3 Nxd3
24.Qxd3 Nc5 25.Qe2 Na4 26.Qf2 Rfd8 27.Be1 Rxd1 28.Rxd1 Bf8 29.Kh1 Kg7 30.Qa2 h5
31.Bd5 Qe8 32.c4 Rb8 33.Qd2 Be7 34.Bxc6 Qxc6 35.Qd5 Qf6 36.Qd7 c6 37.Ra1 Nc5
38.Qc7 Rb7 39.Qc8 Rb3 40.Rd1 h4 41.Ne2 Rxf3 42.Bxh4 Qxh4 43.gxf3 Nxe4 44.Qd7 Nf2+
45.Kg2 Nxd1  0-1